Largest Settlements in Shropshire, UK - Statistics

General Stats
  • This quiz has been taken 83 times
  • The average score is 5 of 7
Answer Stats
Placename % Correct
Shrewsbury
98%
Telford
93%
Ludlow
75%
Oswestry
68%
Bridgnorth
65%
Market Drayton
48%
Newport
43%
No matching quizzes found
Score Distribution
Percent of People with Each Score
Percentile by Number Answered
Your Score History
You have not taken this quiz